000 00589nam a2200241Ia 4500
003 OSt
005 20221005083925.0
006 a|||||r|||| 00| 0
007 ta
008 221004b |||||||| |||| 00| 0 eng d
024 _a53007
037 _cTextual
040 _aCRL
_cCRL
_beng
041 _2eng
_aeng
082 _aR3, M0
100 _aRosen Stanley
245 0 _aLimits of analysis
260 _aNew Haven
_bYale University
_c1980
300 _a279p
_ccm.
650 _aPHILOSOPHY
942 _hR3, M0
_cTEXL
_2cc
999 _c991759
_d991759